| 000 | 01020nam a2200301 a 4500 | ||
|---|---|---|---|
| 001 | 25764 | ||
| 003 | CO-ViMGA | ||
| 008 | 141112s2004 ck r 000 u spa d | ||
| 020 | _a9789588787381 | ||
| 040 |
_aCO-ViMGA _bspa _cCO-ViMGA |
||
| 041 | _aSPA | ||
| 090 | _aH EDG1 | ||
| 100 | 1 |
_aEdginton, Ian _939818 |
|
| 245 | 1 | 0 |
_aEl signo de los cuatro / _cadaptación Ian Edginton ; ilustraciones I.N.J. Culbard ; traducción Sergio Colomino |
| 250 | _a1a ed. | ||
| 260 |
_aBarcelona : _bNorma, _c2012 |
||
| 300 | _a128 p. : il. col. | ||
| 490 | _aSherlock Holmes | ||
| 500 | _aTítulo original : The sing of the four. Adaptación de la novela original de Sir Arthur Conan Doyle | ||
| 650 | 1 | 4 |
_aADAPTACIONES LITERARIAS _939819 |
| 650 | 1 | 4 |
_aCOMICS _939820 |
| 650 | 1 | 4 |
_aDETECTIVES - NOVELA _939821 |
| 650 | 1 | 4 |
_aHOLMES, SHERLOCK (PERSONAJE FICTICIO) - NOVELA GRAFICA _939822 |
| 650 | 1 | 4 |
_aNOVELA POLICIACA _914732 |
| 700 | 1 |
_aColomino, Sergio _939823 |
|
| 700 | 1 |
_aCulbard, I.N.J. _939824 |
|
| 942 |
_2ddc _cBK |
||
| 999 |
_c5330 _d5330 |
||